History Quiz

Random History or Nation Quiz

Which Happened First? (WWII) Quiz Stats

Quiz Updated Jan 19, 2015

Challenge
Share
Tweet
Embed
Score 0/12 Timer 03:00
5 Plays Today
A First to Occur % Correct
USSR invades Poland???
89.7%
Atomic Bombing of Nagasaki???
77%
Truman succeeds Roosevelt???
75.3%
D-Day???
74.7%
Battle of Britain???
72.2%
Attack on Pearl Harbor???
68.7%
Suicide of Hitler???
66.1%
Battle of Anzio???
66%
Yalta Conference???
63.3%
Battle of the Bulge???
60.5%
Battle of Guadalcanal???
54.3%
First Battle of Alamein???
42.6%

You're not logged in!

Compare scores with friends on all Sporcle quizzes.
Sign Up with Email
OR
Log In

You Might Also Like...

Show Comments

Extras

Top Quizzes Today


Score Distribution

Your Account Isn't Verified!

In order to create a playlist on Sporcle, you need to verify the email address you used during registration. Go to your Sporcle Settings to finish the process.